|
|
|
|
| LEADER |
00000nam a2200000 a 4500 |
| 001 |
vtls011773400 |
| 003 |
SK-MaSNL |
| 005 |
20260301183538.0 |
| 008 |
250312s1946 xo 000 f slo |
| 015 |
|
|
|a SKSNBA19451955-011582
|
| 035 |
|
|
|a urn:nbn:sk:snk-am00dhrm
|
| 035 |
|
|
|a urn:nbn:sk:snk-am3i2p6
|
| 035 |
|
|
|a 048CA52E-2040-498D-9B1C-BB2FA8F31F1A
|
| 040 |
|
|
|a SNK
|b slo
|c SNK
|e AACR2
|
| 041 |
1 |
|
|a slo
|h fre
|
| 044 |
|
|
|a xo
|c SK
|
| 080 |
|
|
|a 840-3
|2 1981
|
| 100 |
0 |
|
|a Stendhal,
|d 1783-1842
|4 aut
|9 98258
|
| 240 |
1 |
0 |
|a Rouge et le noir
|l Slovensky
|
| 245 |
1 |
0 |
|a Červený a čierny
|b kronika devätnásteho storočia
|n II
|c Stendhal ; preložil Vladimír Reisel
|
| 260 |
|
|
|a Turčiansky Sv. Martin
|b Svet
|c 1946
|e Turčiansky Sv. Martin
|f Kníhtlačiarsky účastinársky spolok
|
| 300 |
|
|
|a 373 [3] s.
|c 8°
|
| 490 |
1 |
|
|a Knižnica cudzích autorov
|v sv. 3
|
| 500 |
|
|
|a Obálka Ľudo Fulla
|
| 500 |
|
|
|a Preložené z francúzštiny
|
| 655 |
|
7 |
|a francúzske romány
|2 SNKPH
|9 70252
|
| 700 |
1 |
|
|a Reisel, Vladimír,
|d 1919-2007
|4 trl
|9 108091
|
| 700 |
1 |
|
|a Fulla, Ľudovít,
|d 1902-1980
|4 bjd
|9 14872
|
| 830 |
|
0 |
|a Knižnica cudzích autorov
|9 498530
|
| 852 |
|
|
|a Slovenská národná knižnica
|
| 954 |
|
|
|a beletria cudzojazyčná (svetová)
|2 lita
|
| 958 |
|
|
|a OND
|
| 958 |
|
|
|a RK
|
| 958 |
|
|
|a TL
|
| 999 |
|
|
|c 857430
|d 859360
|
| 952 |
|
|
|a SNK
|b SNK
|y PREZ
|7 0
|p 17A0908243
|o snkSD 5276/3
|i snk596/46
|0 0
|1 0
|4 0
|d 2018-08-20
|f 1
|l 0
|r 2025-11-12 00:00:00
|w 2026-02-24
|